[Event "Detroit op"]
[Site "Detroit"]
[Date "2002.05.25"]
[Round "3"]
[White "Mahabir, Naresh"]
[Black "Burwell, Raymond"]
[Result "1-0"]
[WhiteElo "1349"]
[BlackElo "1758"]
[PlyCount "83"]
[EventDate "2002.05.25"]
[EventType "swiss"]
[EventRounds "5"]
[EventCountry "USA"]
[SourceTitle "EXT 2007"]
[Source "ChessBase"]
[SourceDate "2006.11.23"]
[SourceVersion "1"]
[SourceVersionDate "2006.11.23"]
[SourceQuality "1"]

1. d4 d5 2. e3 Bf5 3. Bd3 Bxd3 4. cxd3 c6 5. Nc3 Nf6 6. f4 e6 7. Nf3 Be7 8. 0-0 0-0 9. Ne5 Nbd7 10. Rf3 c5 11. dxc5 Nxc5 12. d4 Nce4 13. Bd2 a6 14. Qe2 Rc8 15. Rh3 Nxd2 16. Qxd2 Bb4 17. Rc1 Ne4 18. Qd1 Bxc3 19. bxc3 Qe7 20. Qh5 Nf6 21. Qd1 g6 22. Ng4 Ne4 23. Qb3 f5 24. Ne5 Rc7 25. c4 dxc4 26. Rxc4 Rfc8 27. Rxc7 Rxc7 28. Qb2 Rc3 29. Rf3 Qc7 30. h3 b5 31. Kh2 Kg7 32. Qb4 Nd6 33. h4 a5 34. Qb2 b4 35. h5 Nc4 36. Nxc4 Qxc4 37. hxg6 hxg6 38. Qf2 Rc2 39. Qh4 Qc7 40. Rh3 Rxg2+ 41. Kxg2 Qc2+ 42. Kg3 1-0